• 首页
  • 本馆介绍
  • 公告通知
  • 最新文献
  • 馆藏检索
  • 电子资源
  • 读者导购
  • 参考咨询
  • 我的图书馆
  • 登录
  • 详细信息显示
  • 放入我的书架
  • 预约/预借图书
  • 作者相关作品
  • 分类相关作品
  • 丛书相关作品
  • 出版社相关作品

书目信息

  • 表格格式
  • 工作单格式
  • 卡片格式
题名:
固体物理及物理量测量
    
 
作者: 林鸿生 , 章世玲 编著
分册:  
出版信息: 北京   科学出版社  2005
页数: 327页
开本: 26cm
丛书名: 物理学大题典
单 册:
中图分类: O48-44 , O4-34
科图分类:
主题词: 固体物理学--解题 , 物理量--测量--解题
电子资源:
ISBN: 978-7-03-015678-5
000 01147oam2 2200325 45
001 012003994529
005 20070805104110.20
009 012003994529
010    @a978-7-03-015678-5@dCNY34.00
035    @a(110019)012004191489
100    @a20051031e20072005em y0chiy0110 ea
101 0  @achi
102    @aCN@b110000
105    @aa q 000yy
106    @ar
200 1  @a固体物理及物理量测量@Agu ti wu li ji wu li liang ce liang@f林鸿生, 章世玲编著@Flin hong sheng , zhang shi ling bian zhu
210    @a北京@c科学出版社@a合肥@c中国科学技术大学出版社@d2005@h2007重印
215    @a327页@c图@d26cm
225 2  @a物理学大题典@Awu li xue da ti dian@v7
330    @a本书包括固体物理、半导体物理、物质的电磁性质、光学性质、超导电性以及物理量的估算、测量和数学处理等内容。
461  0 @12001 @a物理学大题典@v7
510 1  @aA Grand Dictionary of Physics Problems and Solutions@zeng
606 0  @a固体物理学@x解题
606 0  @a物理量@x测量@x解题
690    @aO48-44@v4
690    @aO4-34@v4
701  0 @a林鸿生@Alin hong sheng@4编著
701  0 @a章世玲@Azhang shi ling@4编著
801  0 @aCN@b110019@c20070805
905    @dO48-44@e45@f5
    
    固体物理及物理量测量/林鸿生, 章世玲编著.-北京:科学出版社;合肥:中国科学技术大学出版社,2005(2007重印)
    327页:图;26cm.-(物理学大题典;7)
    
    
    ISBN 978-7-03-015678-5:CNY34.00
    本书包括固体物理、半导体物理、物质的电磁性质、光学性质、超导电性以及物理量的估算、测量和数学处理等内容。
●
相关链接 在E读中查询图书 在五车中查询图书 在当当中查询图书 在豆瓣中查询图书


正题名:固体物理及物理量测量     索取号:O48-44/45         预约/预借

序号 登录号 条形码 馆藏地/架位号 状态 备注
1 0851939   208519398   第二样本阅览室/ [索取号:O48-44/45] 在馆    
2 0851940   208519405   第三借阅区/ [索取号:O48-44/45] 在馆    
3 0851941   208519414   第三借阅区/ [索取号:O48-44/45] 在馆    
4 0851942   208519423   第三借阅区/ [索取号:O48-44/45] 在馆    
5 0851943   208519432   第三借阅区/ [索取号:O48-44/45] 在馆    
唐山师范学院图书馆 欢迎您!
大连网信软件有限公司© 版权所有